000 00668pam a2200217 a 4500
001 BD-DhSAU 1808
003 BD-DhSAU
005 20150120155557.0
008 881228s1989 enka b 001 0 eng
020 _a0521367727 (pbk.)
040 _aBD-DhSAU
082 0 0 _a519.5
_222
_bMIS
100 1 _aMiller, J. C.
_q(Jane Charlotte)
245 1 0 _aStatistics for advanced level /
_cJane Miller.
250 _a2nd ed.
260 _aCambridge [England] :
_aNew York :
_bCambridge University Press ;
_cc1989.
300 _axv, 442 p. :
_bill. ;
_c25 cm.
504 _aIncludes bibliographical references and index.
590 _aJerin
650 0 _aStatistics.
_xadvanced level
942 _2ddc
_cBOOK
999 _c1808
_d1808